Catéchèse et instruction religieuse en France depuis le XIXe siècle (notice n° 1583170)
[ vue normale ]
| 000 -LEADER | |
|---|---|
| fixed length control field | 01199cam a2200217 4500500 |
| 005 - DATE AND TIME OF LATEST TRANSACTION | |
| control field | 20251228052253.0 |
| 041 ## - LANGUAGE CODE | |
| Language code of text/sound track or separate title | fre |
| 042 ## - AUTHENTICATION CODE | |
| Authentication code | dc |
| 100 10 - MAIN ENTRY--PERSONAL NAME | |
| Personal name | Piettre, Pauline |
| Relator term | author |
| 245 00 - TITLE STATEMENT | |
| Title | Catéchèse et instruction religieuse en France depuis le XIXe siècle |
| 260 ## - PUBLICATION, DISTRIBUTION, ETC. | |
| Date of publication, distribution, etc. | 2010.<br/> |
| 500 ## - GENERAL NOTE | |
| General note | 22 |
| 520 ## - SUMMARY, ETC. | |
| Summary, etc. | RésuméAprès les ruptures révolutionnaires, les catéchismes ont continué de constituer le fer de lance de l’éducation religieuse de l’enfance. Jusqu’aux lois Jules Ferry des années 1880, éducateurs et législateurs opèrent dans un certain consensus bientôt rompu par la laïcisation progressive du savoir. Au cours du xxe siècle, le renouveau catéchétique, tout en offrant une nouvelle approche pédagogique, peine à prendre en compte la spiritualité de l’enfant dans une société qui se déchristianise en profondeur. |
| 690 ## - LOCAL SUBJECT ADDED ENTRY--TOPICAL TERM (OCLC, RLIN) | |
| Topical term or geographic name as entry element | catéchisme |
| 690 ## - LOCAL SUBJECT ADDED ENTRY--TOPICAL TERM (OCLC, RLIN) | |
| Topical term or geographic name as entry element | catéchistique |
| 690 ## - LOCAL SUBJECT ADDED ENTRY--TOPICAL TERM (OCLC, RLIN) | |
| Topical term or geographic name as entry element | instruction religieuse |
| 690 ## - LOCAL SUBJECT ADDED ENTRY--TOPICAL TERM (OCLC, RLIN) | |
| Topical term or geographic name as entry element | Jules Ferry |
| 690 ## - LOCAL SUBJECT ADDED ENTRY--TOPICAL TERM (OCLC, RLIN) | |
| Topical term or geographic name as entry element | laïcité |
| 786 0# - DATA SOURCE ENTRY | |
| Note | Transversalités | 115 | 3 | 2010-09-01 | p. 27-40 | 1286-9449 |
| 856 41 - ELECTRONIC LOCATION AND ACCESS | |
| Uniform Resource Identifier | <a href="https://shs.cairn.info/revue-transversalites-2010-3-page-27?lang=fr&redirect-ssocas=7080">https://shs.cairn.info/revue-transversalites-2010-3-page-27?lang=fr&redirect-ssocas=7080</a> |
Pas d'exemplaire disponible.




Réseaux sociaux